01806cam a22004814i 4500003000900000005001700009008004100026035001900067035001900086040003300105082002000138100003200158245006300190264002700253300002800280336002100308337002500329338002300354505014500377526001000522526001000532526000900542526000900551526000900560526000900569526000900578526000900587526000900596526000800605526000800613526000800621526000800629526000800637630004000645910000500685942001400690949018800704994001400892596000600906999022100912980005501133952013601188PE-LiUPU20250731165548.0150625s r 000 0 d a(Sirsi) a34271 a(Sirsi) a34271 aPE-LiUPUbspacPE-LiUPUerda04a225.7bWBUL2211 aGuelich, Robert A.,eautor.10aWord biblical commentary Mark 1-8:26 /cRobert A. Guelich. 1aTexas :bBooks,c1989. a440 páginas ;c24 cm. atext2rdacontent aunmediated2rdamedia avolume2rdacarrier0 aThe beginning of the gospel according to Isaiah. -New wine in old wineskins. -The mystery of the kingdom of God. -Do yoy not yet understand. aSEG44 aSEG26 aP151 aP150 aP149 aP146 aP145 aP126 aP125 aP92 aP75 aP74 aP27 aP15 aBiblia.pN.T.pMarcosxComentarios. a 2ddccBOOK aRC 225.7 WBULwDEWEYc1i37754lRCmBULr0sYtBOOKu2015-6-25xBIBLIOTECAzUNKNOWN0COMPRAo.CIRCNOTE. No olvidar cambiar la fecha de devolución!!!!!!!o.STAFF. Colección General aC0bPEPRU a1 aRC 225.7 WBULwDEWEYc42110i37754d42110f2021-11-8g6lCCODEBUL1mBULq4r1sYtBOOKu2015-6-25xTEOLOGIAzUNKNOWN0COMPRAo.CIRCNOTE. No olvidar cambiar la fecha de devolución!!!!!!!o.STAFF. Colección General 81gALBERTO SANCHEZ Responsable de Automatización r2025-12-02 00:00:00i7l0oRC 225.7 WBULp37754te1w2015-06-25xFTyREF102ddc50718REFfP35aBULbBULcREFd2015-06-25eCOMPRA